Now that I believe. (Record no. 16329)

000 -LEADER
fixed length control field 00465nam a2200169 a 4500
001 - CONTROL NUMBER
control field :::00019197$&:&@@
003 - CONTROL NUMBER IDENTIFIER
control field OkBaRHE
005 - DATE AND TIME OF LATEST TRANSACTION
control field 20010214113819.0
008 - FIXED-LENGTH DATA ELEMENTS--GENERAL INFORMATION
fixed length control field s1949 j 000 0 eng u
040 ## - CATALOGING SOURCE
Transcribing agency
100 1# - MAIN ENTRY--PERSONAL NAME
Personal name Cook, Robert A.
245 10 - TITLE STATEMENT
Title Now that I believe.
260 ## - PUBLICATION, DISTRIBUTION, ETC. (IMPRINT)
Place of publication, distribution, etc Chicago
Name of publisher, distributor, etc Moody Press
Date of publication, distribution, etc 1949
300 ## - PHYSICAL DESCRIPTION
Extent 127 p.
942 ## - ADDED ENTRY ELEMENTS (KOHA)
Source of classification or shelving scheme
Koha item type Books
Copies
Full call number Not for loan Permanent Location Price effective from Shelving location Copy number Date last seen Lost status Date acquired Koha item type Withdrawn status Damaged status Source of classification or shelving scheme Barcode
BV 4501 .C6 RHEMA Bible Training College2010-04-14General Stacks12010-04-14 2010-04-14Books   19197